000 00499nam a2200181Ia 4500
001 20064
005 20260306172738.0
008 260306t2012||||xx |||||||||||||| ||spa||
041 _aESP
082 _a342.211
_bG317
100 _aGaraicoa Ortiz, Xavier
_eAUT
245 0 _aNormativismo sistémico de los derechos:
_bel proceso de la constitucionalización del buen vivir
260 _c2012
300 _a158 páginas :
_c24 cm.
650 _aGEN
654 _aCDE
942 _cLIB
_dJUS
_fJUS
_2ddc
_n
999 _c20064
_d20064